000 00802nam a2200217Ii 4500
003 JO-AjNU
008 230605s9999||||xx |||||||||||||| ||und||
017 _a2005/16156
020 _a977-04-9766-5
040 _aJO-AjNU
_bara
_erda
_cJO-AjNU
041 _aara
050 1 4 _aKRM3570.2010
100 3 _aعبدالرحمن، فايز أحمد,
_eauthor
_944863
245 0 0 _aالنظرية العامة للإلتزام في القانون المصري والقانون الليبي " المصادر - الأحكام - الإثبات "
264 3 1 _aالقاهرة : دار النهضة العربية، 2010
300 _a832ص
336 _atext
_btxt
_2rdacontent
337 _aunmediated
_bn
_2rdamedia
338 _avolume
_bnc
_2rdacarrier
650 4 _aالالتزام -- قانون
_944864
999 _aA19404
_c22972
_d22972